Nazwy klubów z nazwą miasta w nazwie - Statystyki

Ogólne statystyki
  • Ten quiz został rozwiązany 21 razy
  • Średni wynik to 2 z 9
Statystyki odpowiedzi
Liga Klub % Poprawnych
Ekstraklasa Cracovia Kraków
100%
II liga Resovia Rzeszów
42%
II liga Chojniczanka Chojnice
21%
III liga Chełmianka Chełm
16%
III liga Ząbkovia Ząbki
16%
III liga Mławianka Mława
11%
III liga Cartusia Kartuzy
5%
III liga Świdniczanka Świdnik
5%
III liga Tłuchowia Tłuchowo
5%
Nie znaleziono quizów pasujących do podanych kryteriów
Rozkład punktacji
Procent ludzi z każdym wynikiem
Percentyl według liczby udzielonych odpowiedzi
Twoja historia wyników
Nie rozwiązałeś tego quizu